Le président est-il... - Statistiques

Statistiques générales
  • Ce quiz a été pris 94 fois
  • Le résultat moyen est 12 sur 18
Statistiques - réponses
Hint Réponse % Correct
... chef des armées ? Oui
91%
... président de la Fédération Française de Football ? Non
86%
... président du Sénat ? Non
85%
... grand maître de l'ordre de la Légion d'honneur ? Oui
85%
... secrétaire général de l'Élysée ? Non
77%
... président du musée du Louvre ? Non
76%
... président du Conseil constitutionnel ? Non
73%
... nommeur des préfets ? Oui
73%
... chef d'état-major des armées ? Non
72%
... co-prince d'Andorre ? Oui
70%
... membre du Conseil européen ? Oui
70%
... chef du gouvernement ? Non
69%
... co-prince de Monaco ? Non
65%
... protecteur du domaine national de Chambord ? Oui
55%
... chanoine honoraire de la basilique du Sacré-Cœur ? Non
53%
... protecteur de l'Académie française ? Oui
53%
... secrétaire général de la Francophonie ? Non
47%
... nommeur de l'archevêque de Strasbourg ? Oui
31%
Aucun quiz correspondant
Distribution des résultats
% des personnes avec chaque résultat
Percentile par nombre de réponses
Votre historique - résultats
Vous n’avez pas pris ce quiz